000 00679nam a2200193 i 4500
001 94645
003 ES-MaACL
005 20230906181527.0
007 t|
008 050511s1918 fr ||||1| fre d
100 1 _aLote, René.
_974293
245 1 4 _aLes intellectuels dans la société française, de l'ancien régime áa la démocratie
_b: suivi d'une étude sur Félix Le Dantec ("Meditation sur la mort d'un sage") /
_cRené Lote.
246 3 0 _aMeditation sur la mort d'un sage
260 _aParis :
_bTours,
_c1918.
300 _aIV, 215 p. ;
_c19 cm.
600 1 4 _aLe Dantec, Félix.
_970865
650 _aIntelectuales-
_zFrancia.
_913856
852 _aES-MaACL
_jF-11218
999 _c94645
_d94645